LEADER 01676nam 2200373Ia 450 001 996387084103316 005 20200824132054.0 035 $a(CKB)4940000000083480 035 $a(EEBO)2240856784 035 $a(OCoLC)ocm19680548e 035 $a(OCoLC)19680548 035 $a(EXLCZ)994940000000083480 100 $a19890509d1653 uy | 101 0 $aeng 135 $aurbn||||a|bb| 200 10$aMedicina diastatica, or, Sympatheticall mumie$b[electronic resource] $econtaining many mysterious and hidden secrets in philosophy and physick, by the [brace] construction, extraction, transplantation and application [brace] of microcosmical & spiritual mumie : teaching the magneticall cure of diseases at distance, &c. /$fabstracted from the works of Dr. Theophr. Paracelsus by the labour and industry of Andrea Tentzelius ... ; translated out of the Latine by Ferdinando Parkhurst .. 210 $aLondon $cPrinted by T. Newcomb for T. Heath, and are to be sold at his shop ...$d1653 215 $a[24], 128 p 300 $aImperfect: tightly bound, with slight loss of print. 300 $aReproduction of original in the Bodleian Library. 330 $aeebo-0014 606 $aMedicine$vEarly works to 1800 606 $aMedicine, Magic, mystic, and spagiric 615 0$aMedicine 615 0$aMedicine, Magic, mystic, and spagiric. 700 $aParacelsus$f1493-1541.$0160727 701 $aTentzel$b Andreas$0796205 701 $aParkhurst$b Ferdinando$ffl. 1660.$01010731 801 1$bEAF 801 2$bWaOLN 906 $aBOOK 912 $a996387084103316 996 $aMedicina diastatica, or, Sympatheticall mumie$92339180 997 $aUNISA LEADER 01004nam a2200241 i 4500 001 991000107079707536 005 20020503114136.0 008 000731s1998 ||| ||| | eng 020 $a1900188457 035 $ab10030463-39ule_inst 035 $aocm00000860$9ExL 040 $aDip.to Beni Culturali$bita 100 1 $aPalagia, Olga$0162843 245 10$aRegional schools in Hellenistics sculpture :$bproceedings of an International conference held at the American School of Classical Studies at Athens, March 15-17, 1996 /$cedited by Olga Palagia and William Coulson 260 $aOxford :$bOxbow,$c1998 300 $a291 p. ;$c30 cm 700 1 $aCoulson, William 907 $a.b10030463$b21-09-06$c31-05-02 912 $a991000107079707536 945 $aLE001 AR IV 205 4°$g1$i2001000008858$lle001$o-$pE0.00$q-$rl$s- $t0$u0$v0$w0$x0$y.i10033828$z31-05-02 996 $aRegional schools in Hellenistics sculpture$9177927 997 $aUNISALENTO 998 $ale001$b01-01-00$cm$da $e-$feng$gxx $h0$i1